书目信息 |
| 题名: |
元数据导论
|
|
| 作者: | 刘嘉 著 | |
| 分册: | ||
| 出版信息: | 北京 华艺出版社 2002 |
|
| 页数: | 395页 | |
| 开本: | 20cm | |
| 丛书名: | 二十一世纪图书馆学丛书 | |
| 单 册: | ||
| 中图分类: | G254.362 , G202 | |
| 科图分类: | ||
| 主题词: | 元数据--概论 | |
| 电子资源: | ||
| ISBN: | 7-80142-370-4 | |
| 000 | 00752nam0 2200253 450 | |
| 001 | 1232297616 | |
| 005 | 20180416092240.58 | |
| 010 | @a7-80142-370-4@dCNY32.00 | |
| 100 | @a20020221d2002 em y0chiy0121 ea | |
| 101 | 0 | @achi |
| 102 | @aCN@b110000 | |
| 105 | @afk z 000yy | |
| 200 | 10 | @a元数据导论@dIntroduction to Metadata@zeng@f刘嘉著@9yuan shu ju dao lun |
| 210 | @a北京@c华艺出版社@d2002 | |
| 215 | @a395页@c图@d20cm | |
| 225 | 2 | @a二十一世纪图书馆学丛书@f丘东江主编 |
| 410 | 0 | @12001@a二十一世纪图书馆学丛书 |
| 510 | 1 | @aIntroduction to Metadata@zeng |
| 606 | 0 | @a元数据@x概论 |
| 690 | @aG254.362@v4 | |
| 690 | @aG202@v4 | |
| 701 | 0 | @a刘嘉@4著@9liu jia |
| 801 | 0 | @aCN@b大连网信软件有限公司图书馆·11@c20120315 |
| 905 | @aZUCC@dG202@eL630 | |
| 元数据导论=Introduction to Metadata/刘嘉著.-北京:华艺出版社,2002 |
| 395页:图;20cm.-(二十一世纪图书馆学丛书/丘东江主编) |
| ISBN 7-80142-370-4:CNY32.00 |
| ● |
| 相关链接 |
|
|
|
正题名:元数据导论
索取号:G202/L630
 
预约/预借
| 序号 | 登录号 | 条形码 | 馆藏地/架位号 | 状态 | 备注 |
| 1 | 1309020 | 213090206 | 社科库409/409社科库 56排7列1层/ [索取号:G202/L630] | 在馆 | |
| 2 | 484438 | 204844384 | 社科库409/422社科库 23排1列6层/ [索取号:G202/L630] | 在馆 |